000 00232nam a2200097Ia 4500
008 120527s9999 xx 000 0 und d
100 _aWEP
245 _aThe design and manufacture of animal-drawn carts
260 _bILO
942 _cBK
999 _c25142
_d25142